[Event "LTU-chT (Women)"]
[Site "Vilnius"]
[Date "2019.03.31"]
[Round "2.3"]
[White "Marcinkeviciene, Egle"]
[Black "Bajoraite, Rita"]
[Result "0-1"]
[WhiteElo "1495"]
[BlackElo "1748"]
[PlyCount "86"]
[EventDate "2019.03.30"]
[EventType "team-tourn"]
[EventRounds "3"]
[EventCountry "LTU"]
[SourceTitle "EXT 2020"]
[Source "ChessBase"]
[SourceDate "2019.10.17"]
[SourceVersion "1"]
[SourceVersionDate "2019.10.17"]
[SourceQuality "1"]

1. d4 Nf6 2. c4 c5 3. Nf3 cxd4 4. Nxd4 e5 5. Nf5 d5 6. Ng3 d4 7. a3 a5 8. Nd2 Be7 9. Nde4 Nxe4 10. Nxe4 f5 11. Nd2 0-0 12. Nf3 Nc6 13. e3 Bc5 14. exd4 Bxd4 15. Nxd4 exd4 16. Be2 f4 17. 0-0 Ne5 18. b3 f3 19. Bxf3 Nxf3+ 20. gxf3 Bh3 21. Re1 Qf6 22. Kh1 Rae8 23. Rg1 d3 24. Be3 Qxf3+ 25. Qxf3 Rxf3 26. Rg3 Rxg3 27. hxg3 Bg4 28. b4 Rxe3 29. fxe3 d2 30. Kg2 d1Q 31. Rxd1 Bxd1 32. bxa5 Kf7 33. c5 Ba4 34. Kf3 Bc6+ 35. Kf4 Ke6 36. g4 h6 37. g5 h5 38. e4 g6 39. Ke3 Ke5 40. Kd3 Bxe4+ 41. Kc4 h4 42. Kb5 h3 43. Kb6 h2 0-1

[Event "LTU-chT rapid"]
[Site "Marijampole"]
[Date "2018.11.11"]
[Round "4.8"]
[White "Sibajeva, Marija"]
[Black "Bajoraite, Rita"]
[Result "0-1"]
[WhiteElo "1876"]
[BlackElo "1816"]
[PlyCount "94"]
[EventDate "2018.11.10"]
[EventType "team-swiss (rapid)"]
[EventRounds "7"]
[EventCountry "LTU"]
[SourceTitle "EXT 2020"]
[Source "ChessBase"]
[SourceDate "2019.10.17"]
[SourceVersion "1"]
[SourceVersionDate "2019.10.17"]
[SourceQuality "1"]

1. e4 d6 2. d4 g6 3. c4 Bg7 4. f4 Nf6 5. Nc3 0-0 6. Nf3 Nbd7 7. e5 dxe5 8. fxe5 Ne8 9. Bf4 e6 10. Qd2 c5 11. d5 exd5 12. cxd5 Nc7 13. 0-0-0 Nb6 14. Ng5 Bf5 15. Bd3 Bg4 16. Be2 Bxe2 17. Qxe2 Re8 18. d6 Bxe5 19. Be3 Ne6 20. Nge4 Nd4 21. Qf2 Bxd6 22. Nf6+ Kg7 23. Bg5 Be7 24. Nxe8+ Qxe8 25. Be3 Bf6 26. Rhe1 Qc6 27. Ne4 Be5 28. Qh4 Nf5 29. Qh3 Nxe3 30. Qxe3 Nc4 31. Qxc5 Bxb2+ 32. Kb1 Qxc5 33. Nxc5 Bc3 34. Re7 Na3+ 35. Kc1 Rc8 36. Ne6+ Kf6 37. Rc7 Rxc7 38. Nxc7 Be5 39. g3 Bxc7 40. Rd7 Bb6 41. Rxb7 Nc4 42. Rd7 h5 43. h3 Ke6 44. Rd3 g5 45. Rc3 Ne5 46. Kc2 f5 47. Kd2 Ba5 0-1

[Event "LTU-ch (Women)"]
[Site "Kaunas"]
[Date "2018.03.05"]
[Round "4"]
[White "Simkunaite, Gabija"]
[Black "Bajoraite, Rita"]
[Result "0-1"]
[WhiteElo "1725"]
[BlackElo "1788"]
[PlyCount "90"]
[EventDate "2018.03.02"]
[EventType "swiss"]
[EventRounds "7"]
[EventCountry "LTU"]
[SourceTitle "EXT 2019"]
[Source "ChessBase"]
[SourceDate "2018.10.10"]
[SourceVersion "1"]
[SourceVersionDate "2018.10.10"]
[SourceQuality "1"]

1. e4 d6 2. d4 g6 3. Nf3 Bg7 4. Be3 Bg4 5. Nbd2 Nc6 6. c3 Nf6 7. Bd3 0-0 8. 0-0 e5 9. d5 Ne7 10. c4 Nd7 11. h3 Bxf3 12. Nxf3 a5 13. a3 Nc5 14. Bxc5 dxc5 15. Re1 Qd6 16. Qc2 b6 17. Nd2 f5 18. Rad1 Bh6 19. Nf3 Rae8 20. Qc3 fxe4 21. Rxe4 Nf5 22. Nxe5 Bg7 23. f4 Nd4 24. Kh1 Bxe5 25. fxe5 Rxe5 26. b4 axb4 27. axb4 Rxe4 28. Bxe4 Ne2 29. Qd3 Ng3+ 30. Kg1 Nxe4 31. Qxe4 cxb4 32. Rb1 Qc5+ 33. Kh2 Qd6+ 34. Kg1 Rf5 35. Qe8+ Kg7 36. Re1 Rf7 37. Qe4 Qc5+ 38. Kh2 Qf2 39. Qe5+ Qf6 40. Qe2 b3 41. Rb1 Re7 42. Qd2 Re4 43. Rxb3 Rxc4 44. Qd3 Rd4 45. Qc3 Rxd5 0-1

[Event "LTU-ch (Women)"]
[Site "Vilnius"]
[Date "2017.03.03"]
[Round "7"]
[White "Bajoraite, Rita"]
[Black "Plutaite, Ausra"]
[Result "1-0"]
[WhiteElo "1902"]
[BlackElo "1323"]
[PlyCount "105"]
[EventDate "2017.02.25"]
[EventType "swiss"]
[EventRounds "7"]
[EventCountry "LTU"]
[SourceTitle "CBM 177 Extra"]
[Source "ChessBase"]
[SourceDate "2017.04.27"]
[SourceVersion "1"]
[SourceVersionDate "2017.04.27"]
[SourceQuality "1"]

1. d4 e6 2. c4 f5 3. Nf3 Nf6 4. g3 d5 5. b3 Bb4+ 6. Bd2 Bd6 7. Bg2 Nbd7 8. c5 Be7 9. Nc3 c6 10. b4 b6 11. 0-0 Ne4 12. a3 0-0 13. cxb6 axb6 14. Ne5 Bb7 15. f4 c5 16. Nxe4 fxe4 17. dxc5 bxc5 18. Nxd7 Qxd7 19. e3 d4 20. Kh1 dxe3 21. Bxe3 Qb5 22. bxc5 Rfd8 23. Qg4 Qc6 24. f5 Rd3 25. Bh6 Bf6 26. Bxg7 Bxg7 27. f6 Rd7 28. Rad1 Rxa3 29. fxg7 Ra8 30. Rxd7 Qxd7 31. Bxe4 Bxe4+ 32. Qxe4 Rc8 33. Rf8+ Rxf8 34. gxf8Q+ Kxf8 35. c6 Qd1+ 36. Kg2 Qd2+ 37. Kf3 Qd1+ 38. Kf4 Qd6+ 39. Kg5 Qe7+ 40. Kf4 Qf6+ 41. Ke3 Qc3+ 42. Ke2 Qb2+ 43. Kd3 Qb1+ 44. Kd4 Qb2+ 45. Kc5 Qc3+ 46. Kd6 Qd2+ 47. Kxe6 Qh6+ 48. Kd7 Qg7+ 49. Kc8 Qa7 50. Qf5+ Kg8 51. Qe6+ Kf8 52. Qd6+ Ke8 53. Qd7+ 1-0

[Event "LTU-ch (Women)"]
[Site "Vilnius"]
[Date "2017.02.27"]
[Round "3"]
[White "Simkunaite, Gabija"]
[Black "Bajoraite, Rita"]
[Result "0-1"]
[WhiteElo "1652"]
[BlackElo "1902"]
[PlyCount "152"]
[EventDate "2017.02.25"]
[EventType "swiss"]
[EventRounds "7"]
[EventCountry "LTU"]
[SourceTitle "CBM 177 Extra"]
[Source "ChessBase"]
[SourceDate "2017.04.27"]
[SourceVersion "1"]
[SourceVersionDate "2017.04.27"]
[SourceQuality "1"]

1. e4 g6 2. d4 Bg7 3. Nc3 d6 4. Be3 c6 5. Nf3 Bg4 6. h3 Bxf3 7. Qxf3 Nd7 8. Bc4 e6 9. a4 Ngf6 10. 0-0 0-0 11. Rad1 d5 12. Bb3 dxe4 13. Nxe4 Nxe4 14. Qxe4 Nf6 15. Qd3 Qa5 16. Bd2 Qh5 17. Rde1 Nd5 18. c4 Nc7 19. Bf4 Rac8 20. Be5 Rfd8 21. Bd1 Qh4 22. Re4 Qe7 23. Bxg7 Kxg7 24. Qc3 Qf6 25. g3 Kg8 26. Rf4 Qe7 27. Bf3 Na6 28. Qe3 Nb4 29. Rh4 Qf6 30. Qb3 a5 31. Rf4 Qe7 32. Re1 g5 33. Rfe4 Qf6 34. Rd1 h6 35. h4 Kg7 36. Bg2 Rc7 37. f4 gxh4 38. gxh4 Rcd7 39. Qg3+ Kh8 40. f5 exf5 41. Re5 Rg8 42. Qf2 f4 43. Kf1 Rg3 44. Rxa5 Nd3 45. Rxd3 Rxd3 46. Qe2 Re3 47. Ra8+ Rd8 48. Rxd8+ Qxd8 49. Qh5 Qxd4 50. Qxh6+ Kg8 51. Qg5+ Kf8 52. Qg4 Qd3+ 53. Kg1 f3 54. Bf1 Qg6 55. Qxg6 fxg6 56. Kf2 Rb3 57. Bh3 b6 58. Bd7 c5 59. Bc6 Ke7 60. Be4 Kf6 61. Bc6 Kf5 62. Kg3 Rxb2 63. Kxf3 Rb3+ 64. Kf2 Kg4 65. Be8 Kh5 66. Ke2 Rg3 67. Kf2 Kxh4 68. Bd7 g5 69. Be8 g4 70. Bc6 Kh3 71. Bd7 Kh2 72. Bc6 Rc3 73. Bd5 g3+ 74. Kf1 Rc2 75. Bc6 Rxc4 76. Bb5 g2+ 0-1

[Event "LTU-chT (Women)"]
[Site "Vilnius"]
[Date "2017.01.28"]
[Round "1.1"]
[White "Berzina, Ilze"]
[Black "Bajoraite, Rita"]
[Result "1-0"]
[WhiteElo "2323"]
[BlackElo "1902"]
[PlyCount "65"]
[EventDate "2017.01.28"]
[EventType "team-tourn"]
[EventRounds "7"]
[EventCountry "LTU"]
[SourceTitle "EXT 2018"]
[Source "ChessBase"]
[SourceDate "2017.10.13"]
[SourceVersion "1"]
[SourceVersionDate "2017.10.13"]
[SourceQuality "1"]
[WhiteTeam "Kaunas Margiris (W)"]
[BlackTeam "Klaipeda Jura (W)"]
[WhiteTeamCountry "LTU"]
[BlackTeamCountry "LTU"]

1. e4 d6 2. d4 g6 3. f4 Bg7 4. Nc3 Nf6 5. Nf3 c6 6. a4 Bg4 7. Be2 0-0 8. 0-0 Nbd7 9. e5 Nd5 10. Nxd5 cxd5 11. b3 Bf5 12. a5 Qc7 13. c3 f6 14. g4 Be6 15. exf6 Nxf6 16. Bd3 Qd7 17. Ng5 Bh6 18. Nxe6 Qxe6 19. f5 Be3+ 20. Kg2 gxf5 21. Bxf5 Qf7 22. Bxe3 e6 23. Bc2 Qg7 24. Qe2 e5 25. Rf5 Kh8 26. Raf1 e4 27. Bg5 Nd7 28. Rxf8+ Rxf8 29. Rxf8+ Qxf8 30. Qf2 Qg7 31. Qf5 h6 32. Bf4 Nf6 33. Bxd6 1-0

[Event "EU-chT (Women) 20th"]
[Site "Reykjavik"]
[Date "2015.11.13"]
[Round "1.4"]
[White "Bajoraite, Rita"]
[Black "Kazarian, Anna Maja"]
[Result "0-1"]
[WhiteElo "1913"]
[BlackElo "2255"]
[PlyCount "98"]
[EventDate "2015.11.13"]
[EventType "team-swiss"]
[EventRounds "9"]
[EventCountry "ISL"]
[SourceTitle "CBM 169 Extra"]
[Source "ChessBase"]
[SourceDate "2015.12.18"]
[SourceVersion "1"]
[SourceVersionDate "2015.12.18"]
[SourceQuality "1"]
[WhiteTeam "Lithuania (W)"]
[BlackTeam "Netherlands (W)"]
[WhiteTeamCountry "LTU"]
[BlackTeamCountry "NED"]

1. d4 d5 2. c4 c6 3. e3 Nf6 4. Bd3 g6 5. Nc3 Bg7 6. Nf3 Bg4 7. Qb3 Bxf3 8. gxf3 Qb6 9. Qc2 Nbd7 10. Na4 Qc7 11. e4 dxc4 12. Bxc4 b5 13. e5 Nh5 14. Bb3 bxa4 15. Bxa4 Rc8 16. Be3 Nb6 17. Rc1 Nxa4 18. Qxa4 0-0 19. Ke2 Qb7 20. b4 Qb5+ 21. Qxb5 cxb5 22. Rc5 Rxc5 23. bxc5 f6 24. e6 f5 25. d5 f4 26. Bc1 Bd4 27. c6 Bc5 28. Rd1 Rd8 29. Bb2 a5 30. Be5 Bd6 31. Bxd6 exd6 32. Kd3 Nf6 33. Kd4 Kf8 34. Rb1 b4 35. a3 Rb8 36. axb4 axb4 37. Rb3 Rb5 38. Kc4 Rc5+ 39. Kxb4 Nxd5+ 40. Ka4 Rxc6 41. Rd3 Nc7 42. h4 Nxe6 43. Rd5 Ke7 44. Kb4 Rc2 45. Ra5 Rxf2 46. Ra7+ Kf6 47. Rxh7 Rxf3 48. Kc4 Rh3 49. Kd5 f3 0-1

[Event "LTU-ch sf (Women)"]
[Site "Vilnius"]
[Date "2015.02.24"]
[Round "8"]
[White "Bajoraite, Rita"]
[Black "Zaksaite, Salomeja"]
[Result "1-0"]
[WhiteElo "1945"]
[BlackElo "2182"]
[PlyCount "109"]
[EventDate "2015.02.18"]
[EventType "swiss"]
[EventRounds "8"]
[EventCountry "LTU"]
[SourceTitle "EXT 2018"]
[Source "ChessBase"]
[SourceDate "2017.10.13"]
[SourceVersion "1"]
[SourceVersionDate "2017.10.13"]
[SourceQuality "1"]

1. d4 Nf6 2. c4 g6 3. Nc3 d5 4. cxd5 Nxd5 5. e4 Nxc3 6. bxc3 Bg7 7. Bc4 c5 8. Ne2 Nc6 9. Be3 0-0 10. 0-0 Bd7 11. Rb1 Qc7 12. f4 e6 13. dxc5 Na5 14. Bb5 Bc6 15. Qa4 Rfd8 16. Bxc6 Nxc6 17. Nd4 e5 18. Nb5 Qa5 19. Qxa5 Nxa5 20. Nd6 exf4 21. Bd4 g5 22. Rb5 b6 23. Nf5 Bxd4+ 24. cxd4 Nc4 25. c6 a6 26. Rb4 b5 27. d5 Kf8 28. Rc1 Ne5 29. Rd4 Rac8 30. c7 Rd7 31. d6 Nc4 32. Ne7 Rxe7 33. dxe7+ Kxe7 34. a4 Rxc7 35. axb5 axb5 36. Rd5 Rb7 37. Rxg5 Nd6 38. Re5+ Kf6 39. Rd5 Ke6 40. Rc6 Rd7 41. Rxb5 f6 42. Rd5 Ke7 43. Rd4 Rd8 44. Kf1 h6 45. Ke2 Nf7 46. Rc7+ Ke6 47. Rxd8 Nxd8 48. Rc8 Kd7 49. Rxd8+ Kxd8 50. Kf3 Ke7 51. Kxf4 Kf8 52. Kf5 Kg7 53. g4 Kf7 54. h3 Kg7 55. h4 1-0

[Event "LTU-chT (Women)"]
[Site "Lithuania"]
[Date "2015.02.15"]
[Round "4.3"]
[White "Bajoraite, Rita"]
[Black "Marcinkeviciene, Egle"]
[Result "1-0"]
[WhiteElo "1945"]
[BlackElo "1664"]
[PlyCount "63"]
[EventDate "2015.01.24"]
[EventType "team-swiss"]
[EventRounds "7"]
[EventCountry "LTU"]
[SourceTitle "EXT 2018"]
[Source "ChessBase"]
[SourceDate "2017.10.13"]
[SourceVersion "1"]
[SourceVersionDate "2017.10.13"]
[SourceQuality "1"]
[WhiteTeam "Kaunas LSM (W)"]
[BlackTeam "Kaunas Margiris (W) II"]
[WhiteTeamCountry "LTU"]
[BlackTeamCountry "LTU"]

1. d4 Nf6 2. c4 g6 3. Nf3 Bg7 4. Nc3 d6 5. e4 Nbd7 6. Be2 0-0 7. Bg5 h6 8. Bf4 Nh5 9. Be3 e5 10. Qd2 Kh8 11. g4 Nhf6 12. g5 Ng4 13. gxh6 Bxh6 14. Bxh6 Nxh6 15. Ng5 Kg7 16. 0-0-0 exd4 17. Qxd4+ Qf6 18. Qe3 Ne5 19. f4 Nc6 20. Nd5 Qd8 21. Qc3+ f6 22. Rhg1 Kg8 23. Nh3 Kh7 24. Qg3 Rg8 25. Qh4 Rf8 26. Ng5+ Kg7 27. Nf3 Be6 28. f5 Bxd5 29. Rxg6+ Kf7 30. Qxh6 Bxe4 31. Rg7+ Ke8 32. Qg6+ 1-0

[Event "Baltic Amateur op"]
[Site "Vilnius"]
[Date "2014.03.11"]
[Round "5"]
[White "Bajoraite, Rita"]
[Black "Petraitis, Gintautas"]
[Result "1-0"]
[WhiteElo "1938"]
[BlackElo "1901"]
[PlyCount "113"]
[EventDate "2014.03.09"]
[EventType "swiss"]
[EventRounds "5"]
[EventCountry "LTU"]
[SourceTitle "CBM 159 Extra"]
[Source "ChessBase"]
[SourceDate "2014.04.24"]
[SourceVersion "1"]
[SourceVersionDate "2014.04.24"]
[SourceQuality "1"]

1. d4 Nf6 2. Nf3 e6 3. g3 d5 4. Bg2 c5 5. 0-0 Nc6 6. dxc5 Bxc5 7. c4 0-0 8. cxd5 Nxd5 9. e4 Ndb4 10. Qe2 b6 11. Nc3 Ba6 12. Nb5 Nd3 13. a4 Ncb4 14. Bd2 Qe7 15. Bc3 e5 16. Rfd1 Rad8 17. Bf1 Bc8 18. Bxb4 Nxb4 19. Nc3 f6 20. Nd5 Nxd5 21. exd5 Bb7 22. Qe4 Bd6 23. Nh4 g6 24. Ng2 Rc8 25. Bc4 Rc7 26. b3 Kg7 27. Re1 Rd8 28. Rad1 Bc5 29. Kf1 Qd6 30. Ne3 Bd4 31. Qg4 Bc8 32. Qh4 f5 33. Nc2 Qf6 34. Qxf6+ Kxf6 35. Nxd4 exd4 36. Rxd4 Re7 37. Red1 Rd6 38. f4 a5 39. Kf2 Bb7 40. Bb5 Rc7 41. Bc4 Rc5 42. Ke3 Bc8 43. R1d2 h6 44. Bb5 Bb7 45. Bc4 Bc8 46. R4d3 Bd7 47. Kd4 Bc8 48. Re2 Bb7 49. Re5 Rc7 50. Rde3 Rcd7 51. h3 Kf7 52. h4 h5 53. Re2 Rc7 54. Re6 Rcd7 55. R2e5 Kg8 56. Rxd6 Rxd6 57. Re6 1-0

[Event "Baltic Amateur op"]
[Site "Vilnius"]
[Date "2014.03.09"]
[Round "2"]
[White "Marcinkevicius, Alfonsas"]
[Black "Bajoraite, Rita"]
[Result "0-1"]
[WhiteElo "1759"]
[BlackElo "1938"]
[PlyCount "112"]
[EventDate "2014.03.09"]
[EventType "swiss"]
[EventRounds "5"]
[EventCountry "LTU"]
[SourceTitle "CBM 159 Extra"]
[Source "ChessBase"]
[SourceDate "2014.04.24"]
[SourceVersion "1"]
[SourceVersionDate "2014.04.24"]
[SourceQuality "1"]

1. e4 d6 2. d4 g6 3. f4 Bg7 4. Nf3 Bg4 5. c3 Nd7 6. Bc4 e6 7. h3 Bxf3 8. Qxf3 Ne7 9. Be3 0-0 10. Nd2 c5 11. 0-0 cxd4 12. cxd4 Nb6 13. Bb3 d5 14. e5 Qd7 15. g4 Rac8 16. Rfc1 Rc7 17. Rxc7 Qxc7 18. Qd1 Rc8 19. Qe2 Bh6 20. Nf3 Nc4 21. Rc1 b5 22. Kf2 a5 23. Kg3 Qb7 24. Bf2 a4 25. Bd1 a3 26. b3 Nb2 27. Rxc8+ Qxc8 28. Bc2 b4 29. Be1 Nc6 30. Bb1 Bf8 31. Qc2 Qa6 32. f5 exf5 33. gxf5 Ne7 34. f6 Nf5+ 35. Kh2 Bh6 36. Qg2 Bf4+ 37. Kh1 Ne3 38. Qg1 Qe2 39. Qf2 Qd1 40. Nd2 Bh6 41. Qg3 Nc2 42. Bxc2 Qxc2 43. Nf3 Qd1 44. Kg2 Nd3 45. Kf1 Nxe1 46. Nxe1 Qxd4 47. Nf3 Qe4 48. Qf2 Be3 49. Qe2 d4 50. Kg2 d3 51. Qd1 h5 52. h4 Bf4 53. Kf2 Bxe5 54. Nxe5 Qxe5 55. Qxd3 Qxf6+ 56. Kg3 Qc3 0-1

[Event "LTU-ch sf (Women)"]
[Site "Vilnius"]
[Date "2014.02.21"]
[Round "5"]
[White "Valciukiene, Asta"]
[Black "Bajoraite, Rita"]
[Result "0-1"]
[WhiteElo "1770"]
[BlackElo "1960"]
[PlyCount "78"]
[EventDate "2014.02.17"]
[EventType "swiss"]
[EventRounds "7"]
[EventCountry "LTU"]
[SourceTitle "CBM 158 Extra"]
[Source "ChessBase"]
[SourceDate "2014.02.28"]
[SourceVersion "1"]
[SourceVersionDate "2014.02.28"]
[SourceQuality "1"]

1. c4 d6 2. Nc3 g6 3. g3 Bg7 4. Bg2 e5 5. e3 Nc6 6. Nge2 f5 7. 0-0 Nf6 8. d4 e4 9. f3 Qe7 10. fxe4 fxe4 11. Nd5 Nxd5 12. cxd5 Nd8 13. Nc3 Bf5 14. g4 Bd7 15. Nxe4 Nf7 16. h3 h5 17. Nf2 0-0-0 18. Qd3 hxg4 19. Nxg4 Ng5 20. e4 Bxg4 21. Bxg5 Qxg5 22. hxg4 Qh4 23. Rf3 Qh2+ 24. Kf2 Rdf8 25. Rh1 Rxf3+ 26. Qxf3 Bxd4+ 27. Ke2 Qe5 28. Rxh8+ Qxh8 29. b3 Qh6 30. g5 Qg7 31. Bh3+ Kb8 32. Qg4 a6 33. Qc8+ Ka7 34. Qd7 Qe5 35. Qe6 Qxg5 36. Qg4 Qe3+ 37. Kd1 Bc3 38. Qg2 Qd3+ 39. Kc1 Bb4 0-1

[Event "LTU-ch sf (Women)"]
[Site "Vilnius"]
[Date "2014.02.19"]
[Round "3"]
[White "Semonaviciute, Agne"]
[Black "Bajoraite, Rita"]
[Result "1-0"]
[WhiteElo "1738"]
[BlackElo "1960"]
[PlyCount "73"]
[EventDate "2014.02.17"]
[EventType "swiss"]
[EventRounds "7"]
[EventCountry "LTU"]
[SourceTitle "CBM 158 Extra"]
[Source "ChessBase"]
[SourceDate "2014.02.28"]
[SourceVersion "1"]
[SourceVersionDate "2014.02.28"]
[SourceQuality "1"]

1. e4 e6 2. d4 c5 3. d5 d6 4. Bb5+ Bd7 5. Bxd7+ Qxd7 6. Ne2 Nf6 7. Nbc3 exd5 8. Nxd5 Be7 9. Nxe7 Qxe7 10. f3 Nc6 11. 0-0 0-0 12. c4 Rad8 13. Ng3 Qe6 14. b3 Nd7 15. Bb2 Ne7 16. Nh5 Ne5 17. f4 g6 18. fxe5 gxh5 19. Qxh5 dxe5 20. Qg5+ Ng6 21. Rf6 Qd7 22. Bxe5 Qd2 23. Qg4 Rfe8 24. Rf2 Qe3 25. Bf6 Rxe4 26. Qxe4 Qxe4 27. Bxd8 f5 28. Raf1 Qd4 29. Bg5 Kg7 30. Kh1 h6 31. Bc1 Qe4 32. Rxf5 Nh4 33. Rf7+ Kg6 34. R1f6+ Kh5 35. Rxh6+ Kg4 36. Rg7+ Kf5 37. Rg5# 1-0

[Event "LTU-ch (Women)"]
[Site "Vilnius"]
[Date "2013.04.20"]
[Round "7"]
[White "Zaksaite, Salomeja"]
[Black "Bajoraite, Rita"]
[Result "1/2-1/2"]
[WhiteElo "2152"]
[BlackElo "2001"]
[PlyCount "200"]
[EventDate "2013.04.20"]
[EventType "tourn"]
[EventRounds "9"]
[EventCountry "LTU"]
[SourceTitle "CBM 154 Extra"]
[Source "ChessBase"]
[SourceDate "2013.06.25"]
[SourceVersion "2"]
[SourceVersionDate "2013.06.25"]
[SourceQuality "1"]

1. e4 g6 2. d4 Bg7 3. Nc3 d6 4. g3 Nd7 5. Bg2 e5 6. Nge2 Ngf6 7. h3 0-0 8. Be3 c6 9. a4 Qe7 10. 0-0 exd4 11. Bxd4 Nc5 12. f3 Be6 13. Re1 Bc4 14. Qd2 Ne6 15. Bf2 Bxe2 16. Rxe2 Rfd8 17. f4 Qd7 18. Rd1 Nc7 19. g4 h5 20. g5 Nfe8 21. Qd3 Qe7 22. h4 f6 23. Qg3 fxg5 24. hxg5 Ne6 25. Nd5 Qf7 26. f5 cxd5 27. fxe6 Qxe6 28. Rxd5 Be5 29. Bh3 Qxd5 30. exd5 Bxg3 31. Bxg3 Ng7 32. Re7 Rab8 33. Bf2 Re8 34. Rd7 Re5 35. Bxa7 Rxg5+ 36. Kh2 Re8 37. Rxb7 Re2+ 38. Kh1 Rxd5 39. Bg1 Rd1 40. Rb5 d5 41. Rb3 Rxc2 42. a5 Rcc1 43. Rg3 Kf7 44. a6 Ra1 45. Bc8 Nf5 46. Rg2 Nh4 47. Rg3 Kf6 48. b4 Rdb1 49. b5 Rxb5 50. Kh2 Ra2+ 51. Kh3 Nf5 52. Rf3 d4 53. Bxd4+ Kg5 54. Bf2 Rba5 55. a7 Rxf2 56. Rxf2 Ra3+ 57. Kh2 Rxa7 58. Bxf5 gxf5 59. Rb2 Ra3 60. Kg2 Kg4 61. Kh2 f4 62. Rc2 Rh3+ 63. Kg2 f3+ 64. Kg1 Kg3 65. Rg2+ Kf4 66. Ra2 Rg3+ 67. Kh2 Rg4 68. Ra4+ Kg5 69. Ra5+ Kh4 70. Rf5 Rg2+ 71. Kh1 Rg3 72. Kh2 Rh3+ 73. Kg1 Kg4 74. Rf8 Rh4 75. Rg8+ Kf4 76. Kf2 Rh2+ 77. Kg1 Rd2 78. Rf8+ Kg3 79. Rg8+ Kh3 80. Rf8 Kg3 81. Rg8+ Kf4 82. Rf8+ Kg3 83. Rg8+ Kh3 84. Rf8 Rg2+ 85. Kf1 Kg3 86. Rg8+ Kh2 87. Rf8 Rg3 88. Rf4 Kh3 89. Kf2 h4 90. Rxf3 Kh2 91. Rf4 h3 92. Rf8 Rg2+ 93. Kf1 Rg3 94. Rf7 Rg2 95. Rf3 Rg1+ 96. Kf2 Ra1 97. Rf8 Ra2+ 98. Kf1 Kg3 99. Rg8+ Kf4 100. Kg1 Ke5 1/2-1/2

[Event "LTU-chT (Women)"]
[Site "Lithuania"]
[Date "2013.01.20"]
[Round "2"]
[White "Bajoraite, Rita"]
[Black "Zalimaite, Ieva"]
[Result "1-0"]
[WhiteElo "2015"]
[BlackElo "1901"]
[PlyCount "73"]
[EventDate "2013.01.19"]
[EventType "team-tourn"]
[EventRounds "7"]
[EventCountry "LTU"]
[SourceTitle "CBM 152 Extra"]
[Source "ChessBase"]
[SourceDate "2013.02.25"]
[SourceVersion "1"]
[SourceVersionDate "2013.02.25"]
[SourceQuality "1"]

1. d4 e6 2. c4 Bb4+ 3. Nc3 Nf6 4. a3 Bxc3+ 5. bxc3 Ne4 6. Qd3 d5 7. g3 Nd6 8. c5 Nc4 9. e4 b6 10. cxb6 axb6 11. Qc2 Nd6 12. e5 Nc4 13. Bd3 h6 14. Nf3 Qe7 15. a4 Ra5 16. Bxc4 dxc4 17. Ba3 Qd7 18. Bb4 Ra7 19. 0-0 Bb7 20. Nd2 Qd5 21. f3 Na6 22. Ba3 c5 23. Ne4 cxd4 24. Nd6+ Kd7 25. cxd4 Qxd4+ 26. Kg2 Bd5 27. Rad1 Qe3 28. Nxc4 Qg5 29. Nxb6+ Ke8 30. Nxd5 exd5 31. Qc6+ Rd7 32. Rxd5 Nb8 33. Qb5 Qd8 34. Rfd1 h5 35. Bd6 h4 36. Bxb8 hxg3 37. hxg3 1-0